Movies Quiz

Random Movies or Song Quiz

Holiday Inn songs Quiz Stats

 Plays Quiz not verified by Sporcle

Score 0/13 Timer 04:00
0 Plays Today
Month Song % Correct
DecemberWhite Christmas
98.1%
FebruaryAbraham
67.3%
FebruaryBe Careful It's My Heart
53.8%
JanuaryHappy Holiday
44.2%
NovemberI've Got Plenty to Be Thankful For
38.5%
FebruaryI Can't Tell A Lie
32.7%
MarchEaster Bonnet
28.8%
JanuaryLet's Start the New Year Right
25%
JulySong of Freedom
23.1%
JulyLet's Say It With Firecrackers
19.2%
DecemberYou're Easy to Dance With
17.3%
FebruaryI'll Capture Your Heart
9.6%
JanuaryCome to Holiday Inn
5.8%

You're not logged in!

Compare scores with friends on all Sporcle quizzes.
OR
Log In

Show Comments

Extras

Created Nov 25, 2010ReportNominate
Tags:Song Quiz, month

Top Quizzes Today


Score Distribution

Your Account Isn't Verified!

In order to create a playlist on Sporcle, you need to verify the email address you used during registration. Go to your Sporcle Settings to finish the process.

Report this User

Report this user for behavior that violates our Community Guidelines.

Details: